00335 2200145 4500001002100000005001500021035002000036245005300056100001500109300001200124260001900136082000800155084001400163990001200177INLIS00000000000205620250527092803 a0010-05250003481 aBila Pernikahan Tak Seindah Impian /cMuh.Albani0 aMuh.Albani a190 hlm bMumtaza,c2007 a813 a813 MUH b a0712495